000 00632nam a22001937a 4500
003 BUBTL
008 190825b xxu||||| |||| 00| 0 eng d
020 _a984-18-0022-5
082 _a891.44 / RAM
100 _aরহমান, লুতফর
_92315
245 _aমহৎ জীবন /
_cলুতফর রহমান
250 _a4th ed.
260 _aঢাকা :
_bবিশ্বসাহিত্য কেন্দ্র,
_cc2012.
300 _a48 p. :
_c22 cm.
650 0 _91691
_aবাংলা সাহিত্য
856 _k0
_l0
_yDownload
942 _2ddc
_cBK
999 _c6100
_d6100